000 00582nam a2200193Ii 4500
003 JO-AjNU
008 230605s9999||||xx |||||||||||||| ||und||
040 _aJO-AjNU
_bara
_erda
_cJO-AjNU
041 _aara
050 1 4 _aHN40.M6. A27 1965
100 3 _a أبو زهرة، محمد,
_eauthor
_917465
245 0 0 _aتنظيم الاسلام للمجتمع
264 3 1 _aد.م: د.ن، 1965
300 _a199ص
336 _atext
_btxt
_2rdacontent
337 _aunmediated
_bn
_2rdamedia
338 _avolume
_bnc
_2rdacarrier
650 4 _a الإسلام والمجتمع 
_917466
999 _aA5399
_c8967
_d8967